00887nam a2200181 a 450000100100000000500170001000800410002704000250006811101540009324501100024726000350035730000210039271000500041304900090046395201050047295201110057799900170068800002714120200930030629.0110329s1996 dr 000 0 spa d aDO-SdBNPbspacBNPHU1 aSeminario modelos de sistemas de investigación agropecuaria y forestal en América Latina y el Caribed(1996:cSanto Domingon18-19 junio )95420310aSeminario modelos de sistemas de investigación agropecuaria y forestal en América Latina y el Caribe. aSanto Domingo :bFDA,c[1996]. a130 p. ;c28 cm.1 aFundación de Desarrollo Agropecuario916453 aBNPD 0010718PDaPDbPDcHDd2011-03-29iLF1l0o p27141-10r2020-06-25w2020-06-25yLFPDZNo se presta 0010718PDaPDbPDcHDd2013-04-16iLF1l0o p27141-20r2020-06-25te. 2w2020-06-25yLFPDZNo se presta c26633d26633